| 000 | 00652nam a2200241Ia 4500 | ||
|---|---|---|---|
| 005 | 20260121112735.0 | ||
| 008 | 8423 260114s9999 xx 000 0 eng d | ||
| 020 | _a9789812794871 | ||
| 037 | _aEBOOK | ||
| 040 |
_aCRL _beng _cCRL |
||
| 041 |
_aeng _2eng |
||
| 084 | _qCRL | ||
| 100 |
_aTay Swee Kian Catherine _9962469 |
||
| 245 | 0 | _aSlim Chance Fat Hope: Society'S Obsession with Thinness | |
| 260 | _bWorld Scientific | ||
| 260 | _bWSPC | ||
| 260 | _c2004 | ||
| 650 |
_aGeneral _9962470 |
||
| 856 | _uhttps://www.worldscientific.com/worldscibooks/10.1142/5455#t=toc | ||
| 942 | _cEBOOK | ||
| 999 |
_c1545723 _d1545723 |
||